AUDITORIA (Registro nro. 46763)
[ vista simple ]
| 000 -LEADER | |
|---|---|
| fixed length control field | 01038nam a2200205 a 4500 |
| 001 - CONTROL NUMBER | |
| control field | 46763 |
| 005 - DATE AND TIME OF LATEST TRANSACTION | |
| control field | 20180714030448.0 |
| 008 - FIXED-LENGTH DATA ELEMENTS--GENERAL INFORMATION | |
| fixed length control field | 140415s2000 mx 000 0 spa d |
| 020 ## - INTERNATIONAL STANDARD BOOK NUMBER | |
| International Standard Book Number | 9684445105 |
| 041 ## - LANGUAGE CODE | |
| Language code of text/sound track or separate title | spa |
| 082 ## - DEWEY DECIMAL CLASSIFICATION NUMBER | |
| Classification number | 657.450285 |
| Item number | ZAM |
| 100 1# - MAIN ENTRY--PERSONAL NAME | |
| Personal name | ZAMARRIPA ESCAMILLA, EDUARDO |
| 245 10 - TITLE STATEMENT | |
| Title | AUDITORIA |
| 250 ## - EDITION STATEMENT | |
| Edition statement | 1a ed. |
| 260 ## - PUBLICATION, DISTRIBUTION, ETC. | |
| Place of publication, distribution, etc. | MEXICO : |
| Name of publisher, distributor, etc. | INSTITUTO TECNOLOGICO AUTONOMO DE MEXICO, |
| Date of publication, distribution, etc. | 2000 |
| 300 ## - PHYSICAL DESCRIPTION | |
| Extent | 313 |
| Dimensions | 26.9 x 20.9 x 0.6 |
| 500 ## - GENERAL NOTE | |
| General note | NO TRAÍA EL CD |
| 520 ## - SUMMARY, ETC. | |
| Summary, etc. | COMO PARTE DE LA REVOLUCIÓN TECNOLÓGICA QUE ESTAMOS VIVIENDO HOY EN DÍA, LAS COMPUTADORAS SE POSICIONAN COMO PIEZA FUNDAMENTAL EN LAS DIFERENTES ÁREAS DEL CONOCIMIENTO Y EN ESPECIAL, EN EL CAMPO DE LA EDUCACIÓN. LA EDUCACIÓN ASISTIDA POR COMPUTADORA PROPORCIONA AL ESTUDIANTE UN AMBIENTE DE APRENDIZAJE CARACTERIZADO POR INTERACCCIÓN ENTRE ÉSTE Y LA COMPUTADORA. EN RESPUESTA AL RETO QUE ENFRENTA EL PROCESO DE ENSEÑANZA- APRENDIZAJE, EL INSTITUTO TECNOLÓGICO AUTÓNOMO DE MÉXICO HA DESARRO |
| 650 14 - SUBJECT ADDED ENTRY--TOPICAL TERM | |
| Topical term or geographic name entry element | AUDITORIA |
| Withdrawn status | Lost status | Source of classification or shelving scheme | Damaged status | Not for loan | Collection code | Home library | Current library | Shelving location | Date acquired | Source of acquisition | Inventory number | Total Checkouts | Full call number | Barcode | Date last seen | Price effective from | Koha item type |
|---|---|---|---|---|---|---|---|---|---|---|---|---|---|---|---|---|---|
| Dewey Decimal Classification | General | Biblioteca Karol Wojtyla | Biblioteca Karol Wojtyla | Sala general | 03/12/2013 | Compra | 151000000000000000021221 | 657.450285 ZAM | 70125 | 05/01/2026 | 03/12/2013 | Libro |